A központi és a helyi adók rendszerének bemutatása Akasztó település adóztatási gyakorlatán keresztül

Bibliográfiai részletek
Szerző: Gulyás Eszter Evelin
További közreműködők: Galántainé Dr. Máté Dr. (Phd) Zsuzsanna
Dokumentumtípus: Projektmunka
Kulcsszavak:építményadó
gépjárműadó
helyi iparűzési adó
Online Access:http://dolgozattar.uni-bge.hu/11565

MARC

LEADER 00000nnm a2200000 i 4500
001 dolg11565
005 20170517113503.0
008 170517suuuu hu o 000 hun d
040 |a BGE Dolgozattár Repozitórium  |b hun 
041 |a hu 
100 1 |a Gulyás Eszter Evelin 
245 1 2 |a A központi és a helyi adók rendszerének bemutatása Akasztó település adóztatási gyakorlatán keresztül  |c Gulyás Eszter Evelin  |h [elektronikus dokumentum] 
516 |a Project_work 
695 |a építményadó 
695 |a gépjárműadó 
695 |a helyi iparűzési adó 
700 1 |a Galántainé Dr. Máté Dr. (Phd) Zsuzsanna  |e ths 
856 4 0 |u http://dolgozattar.uni-bge.hu/11565/1/Z%C3%A1r%C3%B3dolgozat%20K%C3%89SZ.pdf  |z Dokumentum-elérés 
856 4 0 |u http://dolgozattar.uni-bge.hu/11565/7/titkosit%C3%A1si%20k%C3%A9relem.pdf  |z Dokumentum-elérés